000 00553nam a22001937a 4500
003 CEME
005 20210628202225.0
008 210209b xxu||||| |||| 00| 0 eng d
020 _a0-8247-4028-9
040 _c.
082 _a621.381 CER
100 _aBuchanan , Relva . C
_958851
245 _aCeramic materials for electronics ,revised and expanded
250 _a3RD
260 _aNEW YORK
_bMARCEL DEKKER
_c2004
300 _aX,676P
650 _aCERAMIC MATERIALS FOR ELECTRONICS.CERAMIC TECHNOLOGY.CERAMIC SENSORS
_958852
942 _cBK
_2ddc
999 _c568950
_d568950